Baking terms and techniques
El documento es un glosario esencial de referencia, muy t͠il, que contiene las definiciones en lengua inglesa de los třminos ms̀ empleados en tecnologa̕ de panificacin̤.
Gespeichert in:
| Weitere Verfasser: | |
|---|---|
| Format: | Buch |
| Sprache: | Englisch |
| Schlagworte: | |
| Online-Zugang: | Baking terms and techniques |
| Tags: |
Tag hinzufügen
Keine Tags, Fügen Sie den ersten Tag hinzu!
|
MARC
| LEADER | 00000nam a22000004a 4500 | ||
|---|---|---|---|
| 001 | vpro2528 | ||
| 005 | 20201223000000.0 | ||
| 008 | 120903s2008 ck # g## #001 0#eng#d | ||
| 020 | |||
| 022 | |||
| 040 | |a CO-BoINGC | ||
| 041 | 0 | |a eng | |
| 245 | 1 | 0 | |a Baking terms and techniques |
| 246 | |a Třminos y tčnicas de panificacin̤ | ||
| 264 | |a Bogot ̀(Colombia) : |b Revista VirtualPRO, |c 2008 | ||
| 520 | 3 | |a El documento es un glosario esencial de referencia, muy t͠il, que contiene las definiciones en lengua inglesa de los třminos ms̀ empleados en tecnologa̕ de panificacin̤. | |
| 650 | \ | \ | |a Pan - Calidad |
| 650 | \ | \ | |a Pan |
| 650 | \ | \ | |a Hornera̕ |
| 650 | \ | \ | |a Bread - Quality |
| 650 | \ | \ | |a Bread |
| 650 | \ | \ | |a Baking |
| 650 | \ | \ | |a Třminos de cocina |
| 650 | \ | \ | |a Ingredientes para hornear |
| 650 | \ | \ | |a Tecnologa̕ de panificacin̤ |
| 650 | \ | \ | |a Terms cooking |
| 650 | \ | \ | |a Baking ingredients |
| 650 | \ | \ | |a Tecnologa̕ de panificacin̤ |
| 700 | \ | \ | |a Kansas Wheat Commission |
| 856 | |z Baking terms and techniques |u https://virtualpro.unach.elogim.com/biblioteca/terminos-y-tecnicas-de-panificacion | ||